000 00262 a2200109 4500
001 58528
082 _a658.7 BLA
090 _c35899
_d35899
100 _aBlanchard,S.B
245 _aLogistic Engineering and Managment
260 _aNew york
_bPrentice hall
_c1987
942 _aNUST-CAE
_k658.7 BLA
999 _c293601
_d293601